MARC

LEADER 00000nam0a2200000 4500
001 199925
005 20231031184457.0
020 |a RU  |b 91-20134 
035 |a (RuTPU)RU\TPU\book\217984 
090 |a 199925 
100 |a 20110829d1990 k y0rusy5003 ca 
101 0 |a rus 
102 |a RU 
105 |a a z 001zy 
200 1 |a Ядерно-геофизические исследования  |e сборник научных трудов  |f Академия наук СССР (АН СССР), Уральское отделение; под ред. В. И. Уткина 
210 |a Свердловск  |c Изд-во УрО Ан СССР  |d 1990 
215 |a 70 с.  |c ил. 
320 |a Библиогр. в конце статей 
610 1 |a ядерно-геофизические исследования 
610 1 |a глиноземы 
610 1 |a бокситы 
610 1 |a рудное сырье 
610 1 |a обогатимость 
610 1 |a гелий 
610 1 |a аргон 
610 1 |a метаморфизм 
675 |a 550.832.5  |v 3 
702 1 |a Уткин  |b В. И.  |g Владимир Иванович  |4 340 
712 0 2 |a Академия наук СССР (АН СССР)  |b Уральское отделение  |2 stltpush  |3 (RuTPU)RU\TPU\col\11479 
801 0 |a RU  |b RuMRKP  |c 19960705  |g psbo 
801 1 |a RU  |b 63413507  |c 20110829 
801 2 |a RU  |b 63413507  |c 20110901  |g RCR 
942 |c BK